000 00682cam a2200253 4500
001 28633
005 20220405165318.0
090 _a28633
095 _aPTBN00927509
100 _a20071029d19 a y0pory5003 ba
101 0 _apor
102 _aPT
930 _lBECRE
675 _a087.5
_vmed
_zfre
675 _a821.134.3-94"19" (043.2)
_vmed
_zfre
700 1 _aSoares,
_bLuísa Ducla,
_f1939-
_92431
702 1 _aLabey,
_bCatherine
_4440
998 _aEEL13-429
200 1 _aO gato e o rato
_fLuísa Ducla Soares
_gil. Catherine Labey
210 _a[Lisboa]
_cEstúdios cor,
_d[19--]
215 _a1 v.
_cmuito il. ,
_d20 cm
225 2 _aCor infantil
801 0 _aPT
_bBN
_gRPC
990 _cLIVROS